[Event "RUS-ch Rapid Men 2018"]
[Site "Sochi"]
[Date "2018.10.06"]
[Round "6"]
[White "Yuffa, Daniil"]
[Black "Hasangatin, Ramil"]
[Result "1/2-1/2"]
[WhiteElo "2563"]
[BlackElo "2485"]
[Annotator "ChessBase"]
[PlyCount "90"]
[EventDate "2018.10.05"]
[EventType "swiss"]
[EventCountry "RUS"]
[SourceTitle "playchess.com"]
[Source "ChessBase"]
[SourceQuality "1"]
[TimeControl "900+10"]

1. d4 {[%emt 0:00:00]} d6 {[%emt 0:00:00]} 2. Nf3 {[%emt 0:00:00]} Nf6 {[%emt 0:00:00]} 3. c4 {[%emt 0:00:00]} g6 {[%emt 0:00:00]} 4. g3 {[%emt 0:00:24]} Bg7 {[%emt 0:00:01]} 5. Bg2 {[%emt 0:00:01]} c6 {[%emt 0:00:15]} 6. O-O {[%emt 0:00:15]} O-O {[%emt 0:00:02]} 7. Nc3 {[%emt 0:00:01]} Bf5 {[%emt 0:00:02]} 8. Ne1 {[%emt 0:00:02]} e5 {[%emt 0:00:09]} 9. d5 {[%emt 0:00:14]} cxd5 {[%emt 0:00:06]} 10. cxd5 {[%emt 0:00:05]} a5 {[%emt 0:01:34]} 11. Nc2 {[%emt 0:03:03]} Na6 {[%emt 0:00:38]} 12. Na3 {[%emt 0:02:44]} Nc5 {[%emt 0:04:40]} 13. Bg5 {[%emt 0:00:53]} Qb6 {[%emt 0:00:46]} 14. Nc4 {[%emt 0:03:13]} Qa6 {[%emt 0:00:01]} 15. Nd2 {[%emt 0:01:33]} b5 {[%emt 0:00:46]} 16. e4 {[%emt 0:00:04]} Bd7 {[%emt 0:01:38]} 17. a3 {[%emt 0:00:13]} Rfc8 {[%emt 0:00:36]} 18. Qf3 {[%emt 0:01:23]} Bg4 {[%emt 0:01:33]} 19. Qe3 {[%emt 0:00:09]} Na4 {[%emt 0:00:02]} 20. Nxa4 {[%emt 0:00:15]} bxa4 {[%emt 0:00:01]} 21. Rfc1 {[%emt 0:00:12]} Bd7 {[%emt 0:01:40]} 22. Bf1 {[%emt 0:00:12]} Bb5 {[%emt 0:00:09]} 23. Rc3 {[%emt 0:00:45]} Bxf1 {[%emt 0:00:21]} 24. Rxf1 {[%emt 0:00:06]} Rxc3 {[%emt 0:01:06]} 25. bxc3 {[%emt 0:00:03]} Nd7 {[%emt 0:00:02]} 26. Rb1 {[%emt 0:00:14]} Rc8 {[%emt 0:01:14]} 27. c4 {[%emt 0:00:16]} f6 {[%emt 0:00:24]} 28. Bh6 {[%emt 0:00:15]} Rc7 {[%emt 0:00:48]} 29. Bxg7 {[%emt 0:00:15]} Kxg7 {[%emt 0:00:01]} 30. Rb5 {[%emt 0:01:17]} Rxc4 {[%emt 0:01:13]} 31. Nxc4 {[%emt 0:00:03]} Qxb5 {[%emt 0:00:01]} 32. Nxd6 {[%emt 0:00:11]} Qb6 {[%emt 0:00:15]} 33. Qxb6 {[%emt 0:00:50]} Nxb6 {[%emt 0:00:01]} 34. Kf1 {[%emt 0:00:28]} Kf8 {[%emt 0:00:01]} 35. Ke2 Ke7 36. Nb5 {[%emt 0:00:20]} f5 {[%emt 0:00:01]} 37. Kd3 {[%emt 0:00:30]} Kf6 {[%emt 0:00:02]} 38. Nd6 {[%emt 0:00:11]} Ke7 {[%emt 0:00:20]} 39. Nb7 {[%emt 0:00:23]} fxe4+ {[%emt 0:00:04]} 40. Kxe4 {[%emt 0:00:16]} Nc4 {[%emt 0:00:01]} 41. Nc5 {[%emt 0:00:15]} Kd6 {[%emt 0:00:10]} 42. Nb7+ {[%emt 0:00:06]} Ke7 {[%emt 0:00:01]} 43. Nc5 {[%emt 0:00:13]} Kd6 {[%emt 0:00:01]} 44. Nb7+ {[%emt 0:00:13]} Kc7 {[%emt 0:00:00]} 45. Nc5 {[%emt 0:00:03]} Kd6 {[%emt 0:00:06]} 1/2-1/2

[Event "RUS-ch Rapid Men 2018"]
[Site "Sochi"]
[Date "2018.10.06"]
[Round "6"]
[White "Bocharov, Dmitry"]
[Black "Sakaev, Konstantin"]
[Result "0-1"]
[WhiteElo "2557"]
[BlackElo "2584"]
[Annotator "RC"]
[PlyCount "136"]
[EventDate "2018.10.05"]
[EventType "swiss"]
[EventCountry "RUS"]
[SourceTitle "playchess.com"]
[Source "ChessBase"]
[SourceQuality "1"]
[TimeControl "900+10"]

1. c4 {[%emt 0:00:00]} e6 {[%emt 0:00:00]} 2. Nf3 {[%emt 0:00:04]} d5 {[%emt 0:00:08]} 3. e3 {[%emt 0:00:10]} Nf6 {[%emt 0:00:04]} 4. Nc3 {[%emt 0:00:03]} c5 {[%emt 0:01:02]} 5. b3 {[%emt 0:00:54]} d4 {[%emt 0:00:32]} 6. Na4 {[%emt 0:01:18]} Nc6 {[%emt 0:00:10]} 7. Ba3 {[%emt 0:01:38]} b6 {[%emt 0:00:21]} 8. exd4 {[%emt 0:02:13]} Nxd4 {[%emt 0:00:05]} 9. Nxd4 {[%emt 0:00:02]} Qxd4 {[%emt 0:00:03]} 10. Be2 {[%emt 0:00:08]} Bb7 {[%emt 0:00:16]} 11. O-O {[%emt 0:02:22]} Rd8 {[%emt 0:00:13]} 12. Bf3 {[%emt 0:00:55]} Bxf3 {[%emt 0:00:09]} 13. Qxf3 {[%emt 0:00:02]} Be7 {[%emt 0:00:06]} 14. Rad1 {[%emt 0:02:23]} O-O {[%emt 0:00:19]} 15. d3 {[%emt 0:00:08]} Rd7 {[%emt 0:01:25]} 16. h3 {[%emt 0:00:49]} Rfd8 {[%emt 0:00:12]} 17. Rfe1 {[%emt 0:00:32]} Qh4 {[%emt 0:00:38]} 18. Nc3 {[%emt 0:00:18]} Qh5 {[%emt 0:00:31]} 19. Re3 {[%emt 0:02:33]} Qxf3 {[%emt 0:03:14]} 20. Rxf3 {[%emt 0:00:01]} Bd6 {[%emt 0:02:48]} 21. Kf1 {[%emt 0:00:19]} Be5 {[%emt 0:00:14]} 22. Ne2 {[%emt 0:00:20]} Bb8 {[%emt 0:00:19]} 23. Nc3 {[%emt 0:00:24]} Be5 {[%emt 0:01:46]} 24. Ne2 {[%emt 0:00:02]} Ne8 {[%emt 0:00:08]} 25. Re3 {[%emt 0:00:30]} Bf6 {[%emt 0:00:02]} 26. g4 {[%emt 0:00:18]} Nd6 {[%emt 0:00:33]} 27. Rb1 {[%emt 0:00:26]} Nb7 {[%emt 0:00:04]} 28. Rd1 {[%emt 0:00:26]} Na5 {[%emt 0:00:02]} 29. Ke1 {[%emt 0:00:20]} Nc6 {[%emt 0:00:11]} 30. Kd2 {[%emt 0:00:05]} a5 {[%emt 0:01:13]} 31. Kc2 {[%emt 0:00:06]} g5 {[%emt 0:01:07]} 32. Kb1 {[%emt 0:00:11]} h6 {[%emt 0:00:06]} 33. Bb2 {[%emt 0:00:08]} Bxb2 {[%emt 0:00:58]} 34. Kxb2 {[%emt 0:00:01]} Nb4 {[%emt 0:00:01]} 35. Nc1 {[%emt 0:00:08]} Kg7 {[%emt 0:00:01]} 36. a3 {[%emt 0:00:04]} Nc6 {[%emt 0:00:02]} 37. Ne2 {[%emt 0:00:06]} Nd4 {[%emt 0:00:15]} 38. Nxd4 {[%emt 0:00:03]} Rxd4 {[%emt 0:00:02]} 39. Kc3 {[%emt 0:00:15]} h5 {[%emt 0:00:31]} 40. f3 {[%emt 0:00:15]} Kf6 {[%emt 0:00:37]} 41. Rb1 {[%emt 0:00:03]} Ra8 {[%emt 0:00:34]} 42. Rb2 {[%emt 0:00:21]} h4 {[%emt 0:00:05]} 43. Rf2 {[%emt 0:00:16]} Rb8 {[%emt 0:00:31]} 44. Re4 {[%emt 0:00:20]} Rbd8 {[%emt 0:00:12]} 45. Re3 {[%emt 0:00:03]} Ke7 {[%emt 0:00:04]} 46. Rb2 {[%emt 0:00:03]} Ra8 {[%emt 0:00:02]} 47. Re4 {[%emt 0:00:10]} Rad8 {[%emt 0:00:20]} 48. Re3 {[%emt 0:00:08]} Rf4 {[%emt 0:00:11]} 49. Ra2 {[%emt 0:00:10]} Rb8 {[%emt 0:00:15]} 50. b4 {[%emt 0:00:26]} axb4+ {[%emt 0:00:08]} 51. axb4 {[%emt 0:00:01]} cxb4+ {[%emt 0:00:01]} 52. Kxb4 {[%emt 0:00:02]} b5 {[%emt 0:00:00]} 53. Kc3 {[%emt 0:00:11]} bxc4 {[%emt 0:00:02]} 54. dxc4 {[%emt 0:00:01]} Rb1 {[%emt 0:00:02]} 55. Rc2 {[%emt 0:00:20]} Rf1 {[%emt 0:00:25]} 56. c5 {[%emt 0:00:07]} R1xf3 {[%emt 0:00:23]} 57. Kd3 {[%emt 0:00:03]} Rxe3+ {[%emt 0:00:29]} 58. Kxe3 {[%emt 0:00:01]} Kd7 {[%emt 0:00:00]} 59. c6+ {[%emt 0:00:03]} Kc7 {[%emt 0:00:01]} 60. Rc5 {[%emt 0:00:10]} f6 {[%emt 0:00:01]} 61. Rc1 {[%emt 0:00:01]} e5 {[%emt 0:00:31]} 62. Rc3 {[%emt 0:00:11]} Rd4 {[%emt 0:00:07]} 63. Ra3 {[%emt 0:00:02]} Rc4 {[%emt 0:00:19]} 64. Ra7+ {[%emt 0:00:05]} Kd6 {[%emt 0:00:15]} 65. Kd3 {[%emt 0:01:11]} Rxc6 {[%emt 0:00:03]} 66. Ra8 {[%emt 0:00:17]} Kd5 {[%emt 0:00:13]} 67. Rf8 {[%emt 0:00:06]} Ra6 {[%emt 0:00:03]} 68. Rd8+ {[%emt 0:00:02]} Ke6 {[%emt 0:00:05] Kd4} 0-1

[Event "RUS-ch Rapid Men 2018"]
[Site "Sochi"]
[Date "2018.10.06"]
[Round "6"]
[White "Potapov, Pavel"]
[Black "Timofeev, Artyom"]
[Result "1/2-1/2"]
[WhiteElo "2515"]
[BlackElo "2580"]
[Annotator "ChessBase"]
[PlyCount "97"]
[EventDate "2018.10.05"]
[EventType "swiss"]
[EventCountry "RUS"]
[SourceTitle "playchess.com"]
[Source "ChessBase"]
[SourceQuality "1"]
[TimeControl "900+10"]

1. Nf3 {[%emt 0:00:00]} d5 {[%emt 0:00:03]} 2. g3 {[%emt 0:00:00]} g6 {[%emt 0:00:49]} 3. Bg2 {[%emt 0:00:00]} Bg7 {[%emt 0:00:02]} 4. O-O {[%emt 0:00:03]} e5 {[%emt 0:00:48]} 5. d3 {[%emt 0:00:06]} Ne7 {[%emt 0:00:08]} 6. e4 {[%emt 0:00:39]} O-O {[%emt 0:00:17]} 7. Nbd2 {[%emt 0:00:39]} Nbc6 {[%emt 0:01:10]} 8. Re1 {[%emt 0:00:39]} d4 {[%emt 0:00:20]} 9. Nf1 {[%emt 0:00:38]} a5 {[%emt 0:00:14]} 10. a4 {[%emt 0:00:12]} Nb4 {[%emt 0:00:10]} 11. Bd2 {[%emt 0:01:07]} Nec6 {[%emt 0:00:13]} 12. h3 {[%emt 0:00:26]} Bd7 {[%emt 0:00:31]} 13. g4 {[%emt 0:00:15]} Qe7 {[%emt 0:00:42]} 14. Re2 {[%emt 0:01:15]} Nd8 {[%emt 0:00:43]} 15. Be1 {[%emt 0:01:15]} Ne6 {[%emt 0:00:13]} 16. c3 {[%emt 0:00:11]} Nc6 {[%emt 0:00:04]} 17. Rc2 {[%emt 0:01:48]} Rac8 {[%emt 0:01:38]} 18. Ng3 {[%emt 0:00:17]} Nf4 {[%emt 0:01:29]} 19. cxd4 {[%emt 0:00:46]} exd4 {[%emt 0:00:04]} 20. Bf1 {[%emt 0:01:48]} h5 {[%emt 0:00:50]} 21. gxh5 {[%emt 0:00:37]} Nxh3+ {[%emt 0:00:10]} 22. Bxh3 {[%emt 0:00:32]} Bxh3 {[%emt 0:00:02]} 23. Nh2 {[%emt 0:00:52]} Nb4 {[%emt 0:01:27]} 24. Bxb4 {[%emt 0:00:12]} axb4 {[%emt 0:00:03]} 25. f4 {[%emt 0:00:25]} c5 {[%emt 0:01:33]} 26. Qf3 {[%emt 0:00:10]} b3 {[%emt 0:00:24]} 27. Rf2 {[%emt 0:00:30]} c4 {[%emt 0:00:04]} 28. dxc4 {[%emt 0:00:21]} Rxc4 {[%emt 0:00:05]} 29. hxg6 {[%emt 0:00:25]} fxg6 {[%emt 0:00:02]} 30. Qxb3 {[%emt 0:00:03]} Qb4 {[%emt 0:01:11]} 31. Qd3 {[%emt 0:01:07]} Rc6 {[%emt 0:01:05]} 32. Nh5 {[%emt 0:00:35]} gxh5 {[%emt 0:00:42]} 33. Qxh3 {[%emt 0:00:02]} d3 {[%emt 0:00:01]} 34. Qg2 {[%emt 0:01:03]} Kh8 {[%emt 0:01:56]} 35. Kh1 {[%emt 0:00:05]} Re6 {[%emt 0:00:15]} 36. Rg1 {[%emt 0:00:08]} Qxe4 {[%emt 0:00:09]} 37. Nf3 {[%emt 0:00:11]} Re7 {[%emt 0:00:12]} 38. Nh4 {[%emt 0:00:39]} Rf6 {[%emt 0:00:28]} 39. Rf3 {[%emt 0:00:49]} Rd7 {[%emt 0:00:03]} 40. Kh2 {[%emt 0:00:29]} d2 {[%emt 0:00:11]} 41. Rd1 {[%emt 0:00:01]} Rfd6 {[%emt 0:00:38]} 42. Rf2 {[%emt 0:00:15]} Qxg2+ {[%emt 0:00:14]} 43. Rxg2 {[%emt 0:00:02]} Kh7 {[%emt 0:00:28]} 44. Nf5 {[%emt 0:00:01]} Rf6 {[%emt 0:00:10]} 45. Nxg7 {[%emt 0:00:05]} Rxg7 {[%emt 0:00:03]} 46. Rxg7+ {[%emt 0:00:03]} Kxg7 {[%emt 0:00:01]} 47. Rxd2 {[%emt 0:00:02]} Rxf4 {[%emt 0:00:01]} 48. Rd7+ {[%emt 0:00:06]} Kg6 {[%emt 0:00:17]} 49. Rxb7 {[%emt 0:00:07]} 1/2-1/2

[Event "RUS-ch Rapid Men 2018"]
[Site "Sochi"]
[Date "2018.10.06"]
[Round "6"]
[White "Khanin, Semen"]
[Black "Lysyj, Igor"]
[Result "1-0"]
[WhiteElo "2510"]
[BlackElo "2631"]
[Annotator "TA"]
[PlyCount "67"]
[EventDate "2018.10.05"]
[EventType "swiss"]
[EventCountry "RUS"]
[SourceTitle "playchess.com"]
[Source "ChessBase"]
[SourceQuality "1"]

{[%evp 20,67,19,11,9,18,18,19,21,13,8,12,16,15,20,20,23,27,26,5,22,-12,23,-41,0,0,3,4,82,0,106,108,66,59,332,346,380,380,343,344,610,601,772,772,766,770,752,761,721,734]} 1. e4 e5 2. Nf3 Nc6 3. Bc4 Bc5 4. O-O Nf6 5. d3 d6 6. c3 a6 7. Bb3 Ba7 8. h3 O-O 9. Re1 Be6 10. Bc2 {C54: Giuoco Piano: 4 c3 Nf6, main lines with 5 d4 and 5 d3} d5 11. exd5 {LiveBook: 13 Games} Nxd5 12. Nbd2 {The position is equal.} Re8 $146 ({Predecessor:} 12... Nf4 13. Nc4 Bxc4 14. dxc4 Qxd1 15. Rxd1 Ne2+ 16. Kf1 Nxc1 17. Raxc1 Rae8 {1-0 (116) Giri,A (2778)-Beliavsky,A (2622) Reykjavik 2015}) 13. Ne4 f6 14. Bd2 Qd7 15. b4 Nde7 16. Be3 Bxe3 17. fxe3 {Nc5 is the strong threat.} b6 18. d4 exd4 19. exd4 Ng6 20. Qd2 Bc4 21. Rad1 ({White should play} 21. h4 $11) 21... Nce7 22. d5 Qxd5 23. Qf2 $1 Qb7 {[#]} (23... Qc6 $11 {remains equal.}) 24. Qg3 (24. h4 $1 $16) 24... Qc8 {[#]} (24... Qc6 $11) 25. h4 $1 $16 Kh8 26. h5 $36 {[%mdl 2048] White has good play.} Nf8 $2 {[%mdl 8192] [#]} (26... Nf5 $14 27. Qg4 Ne5 28. Nxe5 fxe5) 27. h6 $1 $18 {[%csl Gh6][%cal Rg3g7][%mdl 512]} Neg6 (27... gxh6 28. Nxf6) 28. hxg7+ Kxg7 29. Nd4 Bd5 $2 {[#]} (29... f5 30. Ng5 f4) 30. Nxf6 $1 {[%mdl 512] White is clearly winning.} Rxe1+ (30... Kxf6 31. Qf2+) 31. Rxe1 Kxf6 32. Qf2+ Kg7 33. Nf5+ Kg8 34. Qd4 {Precision: White = 80%, Black = 43%.} 1-0

[Event "RUS-ch Rapid Men 2018"]
[Site "Sochi"]
[Date "2018.10.06"]
[Round "6"]
[White "Krylov, Mikhail"]
[Black "Derjabin, Ilja"]
[Result "1-0"]
[WhiteElo "2476"]
[BlackElo "2345"]
[Annotator "TA"]
[PlyCount "133"]
[EventDate "2018.10.05"]
[EventType "swiss"]
[EventCountry "RUS"]
[SourceTitle "playchess.com"]
[Source "ChessBase"]
[SourceQuality "1"]

{[%evp 9,133,53,48,14,39,37,52,23,39,25,52,54,71,46,75,70,94,39,52,20,24,40,114,108,104,111,107,97,159,150,168,116,160,116,156,102,97,102,102,102,98,92,84,80,115,95,144,101,101,101,101,101,101,101,129,129,129,129,137,117,135,103,103,103,109,86,105,103,103,97,103,103,103,103,103,105,105,103,103,71,71,71,79,73,97,99,103,0,73,58,120,127,161,141,263,260,230,192,1704,1621,930,384,384,361,382,335,434,432,402,418,542,542,526,228,1005,925,834,834,5310,5050,4947,2797,2175,1754,1630,1497]} 1. d4 Nf6 2. c4 d6 3. Nc3 Bf5 4. Nf3 h6 5. g3 Ne4 (5... Nbd7 6. Bg2 c6 7. d5 c5 8. O-O g5 9. h4 g4 10. Ne1 Bg7 11. e4 Bh7 12. Nd3 a6 13. a4 {1-0 (22) Ding,L (2732)-Jobava,B (2727) Wijk aan Zee 2015 CBM 165 [RR]}) 6. Bd2 $146 {A53: Old Indian Defence without Nf3} ({Predecessor:} 6. Qd3 Nxg3 7. e4 Bxe4 8. Nxe4 Nxh1 9. Bg2 Nxf2 10. Nxf2 c6 11. d5 e5 12. dxe6 Qe7 13. Bf4 {1-0 (25) Sammalvuo,T (2448)-Virtanen,T (2141) Helsinki 2017}) 6... Nxd2 7. Qxd2 Nd7 8. Bg2 {White is slightly better.} c6 9. O-O Qc7 10. d5 {[#] Strongly threatening Nd4.} c5 11. e4 Bh7 12. Rfe1 g5 13. Nb5 (13. e5 $16 dxe5 14. Nb5) 13... Qb6 $14 14. e5 a6 $1 {[%cal Ra6b5]} 15. Nc3 $36 {[%mdl 2048] White fights for an advantage.} dxe5 (15... O-O-O $14) 16. Nxe5 Nxe5 17. Rxe5 Bg7 18. Re2 O-O ({Better is} 18... Rd8) 19. Rxe7 $16 Bf6 20. Re2 (20. Na4 $18 Qd6 21. Rxb7) 20... Rad8 21. Rae1 Bd4 22. Ne4 (22. Be4 $142) 22... Bxe4 23. Bxe4 Rfe8 24. b3 Qf6 25. Bb1 Rxe2 26. Rxe2 Kg7 27. Kg2 h5 28. h3 g4 29. hxg4 hxg4 {Black wants to play ...Qf3+.} 30. Qf4 Qxf4 31. gxf4 {[%mdl 4096] Endgame KRB-KRB} Kf6 32. Kg3 Rg8 33. Bh7 Rh8 34. Be4 Rg8 35. d6 {Hoping for Bd5.} Rd8 36. Bxb7 Rxd6 37. Kxg4 a5 38. Re8 Bxf2 39. Bd5 {And now Ra8 would win.} Rd7 40. Ra8 Be1 41. Ra6+ Kg7 42. Rc6 Bb4 43. f5 {[#] Black must now prevent f6+.} f6 44. Kh5 Re7 45. Be6 Ra7 46. Rc8 Re7 47. Kg4 Ra7 48. Kh5 Re7 $1 49. Ra8 Bc3 ({Black should try} 49... Kh7 $14) 50. Kg4 Rc7 51. Kf4 Re7 (51... Rc6 $16 {was necessary.} 52. Ke4 Kh6 53. Rh8+ Kg5 54. Rg8+ Kh4 55. Rh8+ Kg4) 52. Ke4 $18 Rc7 53. Kd5 Bb4 $2 (53... Kh6 54. Ke4 Rg7) 54. Kd6 Rb7 55. Rg8+ (55. Bd5 $142) 55... Kh7 56. Rg6 Rb6+ 57. Kd5 Rb8 58. Rxf6 Rd8+ 59. Kc6 Rd2 60. Rf7+ Kh6 61. a4 (61. f6 $142) 61... Rb2 $2 (61... Kg5 62. Rf8 Rf2) 62. f6 {[%cal Bf5f6,Bf6f7][%mdl 32] White is clearly winning.} Bc3 63. Rf8 Rf2 64. f7 Bg7 65. Rg8 Rf6 66. Kd7 Kh7 67. Ke7 {Precision: White = 63%, Black = 32%.} 1-0

[Event "RUS-ch Rapid Men 2018"]
[Site "Sochi"]
[Date "2018.10.06"]
[Round "6"]
[White "Kezin, Roman"]
[Black "Demidov, Mikhail"]
[Result "1/2-1/2"]
[WhiteElo "2471"]
[BlackElo "2514"]
[Annotator "TA"]
[PlyCount "160"]
[EventDate "2018.10.05"]
[EventType "swiss"]
[EventCountry "RUS"]
[SourceTitle "playchess.com"]
[Source "ChessBase"]
[SourceQuality "1"]

{[%evp 17,160,32,60,56,48,49,60,50,58,57,53,42,39,29,23,24,28,22,28,32,29,26,28,29,38,16,46,50,66,61,76,63,80,72,119,110,87,53,103,105,172,181,206,20,20,34,28,30,36,34,27,32,26,4,22,31,26,0,0,0,0,0,0,0,0,0,0,0,0,0,0,0,0,0,2,0,0,0,0,0,0,0,0,0,0,0,0,0,0,0,0,0,0,0,0,0,0,0,8,0,0,0,17,15,85,85,87,58,100,41,41,0,0,0,0,-8,-8,-8,-8,-8,-8,-8,-8,-8,0,0,0,-124,0,0,0,0,0,0,0,0,0,0,0,0,0,0,0,0,0]} 1. d4 e6 2. c4 Bb4+ 3. Bd2 Bxd2+ 4. Qxd2 d6 5. Nf3 Nf6 6. Nc3 O-O 7. g3 Qe7 8. Bg2 c6 9. O-O e5 10. c5 {E11: Bogo-Indian} (10. e4 Na6 11. Rad1 Bg4 12. h3 Bxf3 13. Bxf3 Qe6 14. dxe5 dxe5 15. Qd6 Qxd6 16. Rxd6 Rfd8 17. Rfd1 Rxd6 18. Rxd6 {0-1 (43) Flear,G (2428)-Istratescu,A (2596) London 2016}) 10... exd4 11. cxd6 ({Don't play} 11. Qxd4 dxc5 12. Qe5 Qxe5 $15) 11... Qxd6 12. Qxd4 {White is slightly better.} Qe7 13. Rad1 Bg4 $146 ({Predecessor:} 13... Be6 14. Qd6 Qxd6 15. Rxd6 Na6 16. Ng5 Bg4 17. h3 Bh5 {½-½ (67) Yu,K (2123)-Levytskyy,A (1924) Durban 2014}) 14. Ne5 Be6 15. Nc4 (15. f4 {keeps more tension.} Re8 16. e4 Na6 17. Qf2 Nb4 18. a3) 15... Bxc4 16. Qxc4 Na6 17. Rd2 Rad8 18. Rfd1 Rxd2 19. Rxd2 h6 20. h3 Re8 21. Qd4 Ra8 22. e4 {[%cal Be2e4,Be4e5][%mdl 32]} Nc7 23. e5 Nfe8 24. f4 {[%cal Bf2f4,Bf4f5][%mdl 32]} Ne6 25. Qe3 Qc7 26. f5 Nf8 27. Kh2 a6 28. Qd4 Qe7 (28... g6 $16 {was worth a try.}) 29. Ne4 $18 Nh7 30. Nd6 $2 (30. a4 $18) 30... Nxd6 $11 31. exd6 Qd7 32. Re2 {Black must now prevent Re7.} Re8 $1 {[%cal Re8e2]} 33. Rxe8+ Qxe8 34. Qa7 Qc8 35. Qb6 Nf6 36. Qc7 Qd7 37. g4 Qe8 38. Qxb7 Qe5+ 39. Kh1 Qxd6 40. Qxc6 Qd1+ 41. Kh2 a5 42. Qc3 Qd8 43. Qe5 Qb6 44. b3 Qb4 45. Qe3 Kh7 46. Qf2 Qd6+ 47. Qg3 Qd2 48. a3 Ne4 49. Qe5 Nf6 50. Qc7 Nd7 51. b4 axb4 52. axb4 f6 53. b5 {[#] Strongly threatening b6.} Qd4 54. Qg3 Qb2 55. Qd3 Ne5 56. Qd5 Qf2 57. Qe4 Qc5 58. Qd5 Qf2 59. Qb3 {And now b6 would win.} Qb6 60. Kh1 h5 (60... Kh8 $11) 61. gxh5 $16 Kh6 62. Qb4 Kxh5 {[#]} 63. Qb2 ({White should play} 63. Qf4 $1 $16 {Bf3+ would kill now.} g5 64. fxg6 Kxg6 65. Qe4+ Kh6 66. Qb1) 63... Kg5 $14 64. Be4 Qe3 65. Bg2 Nd3 66. Qc2 Qe1+ 67. Kh2 Qe5+ 68. Kh1 $132 {[%mdl 2048] White puts up resistance} Qxb5 69. Be4 Nf4 70. Qf2 $1 {h4+ is the strong threat.} Qe5 71. Qg3+ Kh6 72. Qh4+ Nh5 73. Kg2 $1 {The position is equal.} Qb2+ 74. Kf3 Qc1 75. Qg4 {[%csl Ge4,Gf5][%cal Rg4g6]} Qd1+ 76. Ke3 {[%csl Ge4,Gf5][%cal Rg4g6]} Qc1+ 77. Kf3 {[%csl Ge4,Gf5][%cal Rg4g6]} Qc3+ 78. Kg2 {[%csl Ge4,Gf5][%cal Rg4g6]} Qd2+ 79. Kf3 {[%csl Ge4,Gf5][%cal Rg4g6]} Qc3+ 80. Kg2 {[%csl Ge4,Gf5][%cal Rg4g6]} Qd2+ {Precision: White = 53%, Black = 70%.} 1/2-1/2

[Event "RUS-ch Rapid Men 2018"]
[Site "Sochi"]
[Date "2018.10.06"]
[Round "6"]
[White "Belyakov, Bogdan"]
[Black "Nuristani, Iman"]
[Result "1-0"]
[WhiteElo "2458"]
[BlackElo "2242"]
[Annotator "TA"]
[PlyCount "135"]
[EventDate "2018.10.05"]
[EventType "swiss"]
[EventCountry "RUS"]
[SourceTitle "playchess.com"]
[Source "ChessBase"]
[SourceQuality "1"]

{[%evp 14,135,57,8,107,88,99,96,94,111,102,102,117,111,146,135,129,144,140,133,155,155,148,136,154,127,118,99,126,90,91,98,94,90,97,60,256,158,314,339,329,334,329,299,312,254,260,243,239,194,201,129,416,410,414,409,466,472,472,462,469,452,474,472,429,398,593,565,569,564,539,535,1421,1417,1200,891,861,705,705,712,713,578,705,709,683,681,695,640,626,510,475,435,435,158,219,161,590,665,645,652,618,581,699,692,699,680,691,675,7202,6625,29966,29964,29965,29957,29967,29966,29968,29966,29972,29972,29967,29968,29954,5213]} 1. e4 e6 2. d4 d5 3. Nc3 {[%cal Bb1c3,Bc3e4,Be4g5][%mdl 32]} dxe4 4. Nxe4 Bd7 5. Nf3 Bc6 6. Bd3 Nd7 7. O-O Ngf6 8. Neg5 {LiveBook: 88 Games} Qe7 {C10: French with 3 Nc3: Unusual Black 3rd moves and 3...dxe4} (8... Bd6 $11 {remains equal.}) (8... Bd6 9. Re1 h6 10. Nh3 Be7 11. c4 g5 12. d5 exd5 13. Nd4 Nc5 14. b3 Nxd3 15. Qxd3 dxc4 16. Qxc4 Be4 17. Bb2 {½-½ (79) Sethuraman,S (2623)-Paravyan,D (2525) Moscow 2017}) 9. c4 $16 h6 {[#]} (9... Bxf3 10. Nxf3 c6 11. Re1 Qd6 12. Qb3 Qc7 13. h3 Be7 14. Bg5 Rd8 15. Rad1 h6 16. Bc1 {1-0 (58) Belyakov,B (2470)-Nuristani,I (2026) Sochi 2017}) 10. d5 $1 {[%cal Rd5c6][%mdl 512]} hxg5 {White is better.} ({But not} 10... exd5 $2 11. Re1 $18) 11. dxc6 bxc6 12. Bxg5 Qd6 13. Qe2 Be7 $146 ({Predecessor:} 13... Ng4 14. h3 Nge5 15. Nxe5 Qxe5 16. Qxe5 Nxe5 {½-½ (52) Fomina,T (2238)-Bashkite,V (2247) Tallinn 2007}) 14. Rad1 Qc5 15. h3 Rb8 16. Rfe1 Bd6 17. b3 a6 18. Bb1 Kf8 19. Rd3 Re8 20. Red1 Ne5 21. Nxe5 Qxe5 22. Qxe5 Bxe5 23. b4 Bd6 24. c5 Be5 $2 (24... Be7 $1 $14) 25. f4 Bb2 $2 (25... Ba1 $16) 26. Rb3 $18 Ba1 27. Bc2 Nd5 28. Rxa1 f6 29. Rab1 fxg5 30. fxg5 Ke7 31. Ra3 Rb8 32. Rxa6 {Hoping for a3.} Kd7 $2 {[%mdl 8192]} (32... Nxb4 $16 {is a better defense.} 33. Ra7 Nd5) 33. a3 Nc3 34. Rb3 Ne2+ 35. Kf2 Nd4 36. Rd3 e5 37. Ba4 Rhf8+ 38. Ke3 Ke6 39. Bxc6 Kf5 (39... Rf1 {was called for.} 40. Bf3+ Kf5) 40. Be4+ Kxg5 41. Rg6+ Kh5 42. Rxg7 Nc2+ 43. Kd2 {White threatens Rh7+ and mate.} Rf2+ 44. Kc3 {Rdg3 is the strong threat.} Nd4 45. Rh7+ Kg5 46. Rg3+ Kf4 47. Rg4+ Ke3 48. Bd3 {[%csl Gd3][%cal Rg4e4]} Ra2 49. Re4+ Kf2 50. Rxe5 Rd8 51. Rf7+ Kg3 52. Re3+ Kh2 53. Rxc7 $2 (53. Kc4 $18 {and White stays clearly on top.}) 53... Rxa3+ $16 54. Kc4 Nc2 $2 (54... Ra1 {is tougher.}) 55. Bxc2 $18 Rxe3 {[%mdl 4096] Endgame KRR-KRB} 56. Rg7 Re2 57. Bf5 Rf2 58. Bd7 Rf4+ 59. Kb3 Rd4 60. Kc3 R4xd7 61. Rxd7 Rxd7 {KR-KP} 62. c6 {White mates.} Rd1 63. b5 {[%cal Bb4b5,Bb5b6][%mdl 32]} Kg3 {[#]} 64. Kc4 $1 Kf4 65. b6 Rc1+ 66. Kd5 Rd1+ 67. Ke6 Re1+ 68. Kd7 {Precision: White = 77%, Black = 37%.} 1-0